K niektorým problémom modernej psychohygieny

Bibliographic Details
Main Author: Odlerová, Eva, 1954- (Author)
Format: Article
Language:Slovak
Subjects:

MARC

LEADER 00000nab a2200000 a 4500
001 vtls000400543
003 SK-MaSNL
005 20260304023445.0
008 220422c1990 xo 0 slo
015 |a SNBRB19rr/mm-uuuuu 
035 |a CL0400667 
040 |a SNKBUCL  |b slo  |c SNKBUCL  |e AACR2 
041 0 |a slo 
044 |a xo  |c SK 
080 |a 613.86  |2 1981 
100 1 |a Odlerová, Eva,  |d 1954-  |4 aut  |9 255066 
245 1 0 |a K niektorým problémom modernej psychohygieny  |c Eva Odlerová 
650 0 7 |a psychohygiena  |2 snkbucl  |9 2574 
655 7 |a články z novín a časopisov  |2 snkbucl  |9 267496 
773 0 |t Osvetová práca  |g Roč. 40, č. 22 (1990), s. 18-19 
850 |a Slovenská národná knižnica v Martine  |a MTA001 
852 |a SNK  |b KIS3GCP 
958 |a RK 
958 |a ME 
992 |a RBX 
999 |c 2616539  |d 2618469